[Event "45th Olympiad Budapest 2024"]
[Site "Budapest"]
[Date "2024.09.19"]
[Round "8"]
[Board "3"]
[White "Morales, Carlos"]
[Black "Al-Kuwari, Turki"]
[Result "1-0"]
[WhiteElo "2131"]
[BlackElo "1573"]
[PlyCount "63"]
[EventDate "2024.09.11"]
[EventType "team-tourn"]
[EventRounds "11"]
[EventCountry "HUN"]
[WhiteTeam "El Salvador"]
[BlackTeam "Qatar"]
[WhiteTeamCountry "ESA"]
[BlackTeamCountry "QAT"]

1. e4 c5 2. Nf3 g6 3. c3 Bg7 4. d4 cxd4 5. cxd4 d5 6. e5 Bg4 7. Bb5+ Nc6 8. h3 Bxf3 9. Qxf3 e6 ({RR} 9... Rc8 10. O-O e6 11. Qa3 Qb6 12. Nc3 Qxd4 13. Be3 Qxe5 14. Bc5 a6 15. Rfe1 Qg5 16. Bxc6+ Rxc6 17. Rad1 Ne7 18. Qb4 a5 19. Qxb7 Rxc5 20. Ne4 Qh4 21. g3 Qxh3 22. Nxc5 Nf5 23. Qd7+ {1-0 Nepomniachtchi,I (2705)-Savchenko,B (2567) Wch Rapid Berlin 2015 (13)}) ({RR} 9... Rc8 10. Nc3 e6 11. Qd1 Nge7 12. O-O O-O 13. g4 Qb6 14. Be3 f5 15. exf6 Bxf6 16. Bxc6 Nxc6 17. Ne2 Nb4 18. Qb3 Nc2 19. Qxb6 axb6 20. Rac1 Nxe3 21. fxe3 Bg5 22. Rf3 Rxc1+ 23. Nxc1 Rxf3 {0-1 Weetik,V (2423)-Md,B (2202) Titled Tue 23rd Jan Early 2024 (8)}) 10. Bxc6+ bxc6 11. Nc3 $146 ({RR} 11. Qc3 Ne7 12. O-O O-O 13. Nd2 f6 14. Nf3 Rc8 15. b4 fxe5 16. Nxe5 Bxe5 17. dxe5 c5 18. bxc5 Nc6 19. Rb1 Qc7 20. Bh6 Rf7 21. Rfe1 Na5 22. Be3 Nc6 23. Bh6 Na5 24. Be3 Nc6 {½-½ Jakubiec,E (2197)-Zawadzka,B (2287) POL-chT 63rd 2007 (9)}) ({RR} 11. Qc3 Qb6 12. Nd2 f6 13. f4 Nh6 14. Nf3 Nf5 15. O-O Ng3 16. Re1 Ne4 17. Qc2 fxe5 {½-½ Engstrom,K (2290)-Obers,F (2112) Arctic Chess Challenge 2010 (9)}) ({RR} 11. b4 Ne7 12. Nd2 a5 13. Qc3 O-O 14. Ba3 f6 15. f4 fxe5 16. fxe5 Nf5 17. Nf3 Ng3 18. Rg1 Ne4 19. Qe3 Rf7 20. g4 Qb6 21. b5 Qxb5 22. Nd2 Nxd2 23. Kxd2 Bf8 24. Rab1 Bb4+ 25. Bxb4 axb4 {0-1 Thorsteinsdottir,H (2011)-Stigar,P (2328) Reykjavik op 2011 (3.43)}) 11... Ne7 12. O-O Nf5 13. Rd1 O-O 14. g4 Nh6 15. Na4 f6 16. exf6 Rxf6 17. Qe2 Rf7 18. Kg2 Qd6 19. f4 Qb4 20. Qc2 Bxd4 21. a3 Qd6 22. Rxd4 e5 23. fxe5 Qxe5 24. Bxh6 Qxd4 25. Re1 Qf6 26. Qe2 Qd4 27. Nc3 Rb8 28. Qe8+ Rf8 29. Qe6+ Rf7 30. Rf1 Rxb2+ 31. Kh1 Rbf2 32. Qe8+ 1-0

[Event "45th Olympiad Budapest 2024"]
[Site "Budapest"]
[Date "2024.09.19"]
[Round "8"]
[Board "4"]
[White "Al-Kuwari, Hamad"]
[Black "Guevara Ruiz, Marvin Andres"]
[Result "0-1"]
[WhiteElo "1574"]
[BlackElo "2003"]
[PlyCount "88"]
[EventDate "2024.09.11"]
[EventType "team-tourn"]
[EventRounds "11"]
[EventCountry "HUN"]
[WhiteTeam "Qatar"]
[BlackTeam "El Salvador"]
[WhiteTeamCountry "QAT"]
[BlackTeamCountry "ESA"]

1. e4 c5 2. Nf3 Nc6 3. d4 cxd4 4. Nxd4 e6 5. Nc3 Qc7 6. a3 a6 7. Be2 Nf6 8. Be3 Be7 9. O-O O-O 10. f4 d6 11. Qd2 ({RR} 11. a4 Bd7 12. Nb3 b6 13. g4 Bc8 14. g5 Nd7 15. Bf3 Bb7 16. Bg2 Rfe8 17. Qh5 Bf8 18. Rf3 g6 19. Qh4 Bg7 20. Rh3 h5 21. gxh6 Bf6 22. h7+ Kh8 23. Qf2 Rac8 24. Rd1 Red8 25. Qd2 Nc5 {1-0 Popov,I (2476)-Khairullin,I (2507) RUS-ch U20 Nojabrsk 2005 (7)}) 11... Nxd4 12. Bxd4 e5 13. Be3 Be6 $146 ({RR} 13... b5 14. Bf3 Bb7 15. Rac1 Rac8 16. Kh1 Rfd8 17. Nd5 Nxd5 18. exd5 Qc4 19. Bg4 Ra8 20. Rcd1 Bc8 21. Be2 Qc7 22. c3 f5 23. Bd3 e4 24. Be2 Bf6 25. Rg1 Qf7 26. g3 Rb8 27. Rc1 Bd7 28. b3 {0-1 Mulligan,S (2065)-Gayson,P (2148) Bunratty Masters op 24th 2017 (2)}) ({RR} 13... b5 14. Nd5 Nxd5 15. exd5 Bb7 16. f5 Bf6 17. Rac1 Rac8 18. g4 h6 19. c3 Qe7 20. Rcd1 Rfe8 21. Rf2 Bg5 22. f6 Bxf6 23. Rdf1 Bg5 24. Rxf7 Bxe3+ 25. Qxe3 Qxf7 26. Rxf7 Kxf7 27. Qe4 g6 28. Bd3 {½-½ Matos,A-Felix,J (1693) 9th Floripa Open 2023 (9.153)}) ({RR} 13... exf4 14. Bxf4 Be6 15. Kh1 Rfe8 16. Qd4 Nd7 17. Bd3 Ne5 18. Nd5 Bxd5 19. Bxe5 dxe5 20. Qxd5 Bf6 21. Rf5 Rad8 22. Qb3 Rd4 23. Raf1 h6 24. h4 Rf8 25. g3 b5 26. R1f3 Qd7 27. Kg2 Qe6 28. Qc3 {0-1 Safin,T (2190)-Pingin,A (2336) South Ural Cup-B 2021 (7)}) 14. f5 Bc4 15. Bxc4 Qxc4 16. Bg5 Rac8 17. Bxf6 Bxf6 18. Rad1 Rfd8 19. Qd3 Rd7 20. Qxc4 Rxc4 21. Rd3 Bd8 22. Rff3 Bb6+ 23. Kf1 Bd4 24. b3 Rc6 25. Ke2 f6 26. Kd1 Bxc3 27. Rxc3 d5 28. Rxc6 bxc6 29. Rd3 Kf7 30. exd5 cxd5 31. c4 d4 32. b4 Ke7 33. Rh3 h6 34. Kd2 Kd6 35. Kd3 Rc7 36. Rf3 a5 37. Rf1 axb4 38. axb4 Ra7 39. Rc1 Ra3+ 40. Kd2 Rb3 41. c5+ Kc7 42. Rc4 Rb2+ 43. Kd3 Rxg2 44. Rc2 e4+ 0-1

[Event "45th Olympiad Budapest 2024"]
[Site "Budapest"]
[Date "2024.09.19"]
[Round "8"]
[Board "1"]
[White "Tissir, Mohamed"]
[Black "Mafaaz, Khalid"]
[Result "0-1"]
[WhiteElo "2355"]
[BlackElo "2069"]
[PlyCount "80"]
[EventDate "2024.09.11"]
[EventType "team-tourn"]
[EventRounds "11"]
[EventCountry "HUN"]
[WhiteTeam "Morocco"]
[BlackTeam "Pakistan"]
[WhiteTeamCountry "MAR"]
[BlackTeamCountry "PAK"]

1. e4 e5 2. Nf3 Nc6 3. Bc4 Nf6 4. d3 Bc5 5. c3 d6 6. Bb3 a5 7. Nbd2 O-O 8. O-O ({RR} 8. Nf1 Be6 9. Ng3 h6 10. O-O Bxb3 11. axb3 d5 12. Qe2 Re8 13. Bd2 Bf8 14. Rfd1 Qd7 15. exd5 Qxd5 16. c4 Qe6 17. Bc3 Nd7 18. Qc2 Nc5 19. Ne4 Na6 20. Re1 Rad8 21. Rad1 Nab4 22. Qb1 Qg6 {0-1 Mamedov,R (2699)-Shankland,S (2722) Olympiad-43 Batumi 2018 (8.4)}) ({RR} 8. Nf1 Be6 9. Ng3 Bxb3 10. axb3 d5 11. Qe2 Re8 12. O-O Qd7 13. h3 h6 14. Nh4 Rad8 15. Qf3 Qe6 16. Nhf5 Bf8 17. Re1 Kh7 18. Ne3 dxe4 19. Nxe4 Rxd3 20. Nxf6+ Qxf6 21. Qe4+ Qg6 22. Nf5 Rd7 {0-1 Tissir,M (2379)-Sargissian,G (2682) Online Olym Div Top-C rapid 2020 (6.1)}) 8... Be6 9. Qe2 $146 ({RR} 9. Bc2 d5 10. h3 b5 11. Qe2 dxe4 12. dxe4 Qb8 13. a4 b4 14. Nc4 Nd7 15. Ng5 Re8 16. Nxe6 Rxe6 17. Ne3 Ne7 18. Nf5 Nxf5 19. exf5 Re8 20. Be4 Ra7 21. Bg5 Be7 22. Be3 Bc5 23. Bc6 Rd8 {1-0 Kleiman,J (2399)-Jones,G (2618) Titled Tue 29th Aug Early 2023 (7)}) ({RR} 9. Bc2 d5 10. Qe2 d4 11. h3 a4 12. a3 h6 13. Nh4 Qd7 14. Qf3 Nh7 15. Re1 Ng5 16. Qg3 b5 17. Ndf3 f6 18. Ng6 Rfe8 19. h4 Nxf3+ 20. Qxf3 Bg4 21. Qg3 Bh5 22. Bd1 Bxg6 23. Qxg6 Qf7 {1-0 Kleiman,J (2399)-Gerbelli Neto,E (2114) Titled Tue 20th Feb Late 2024 (2)}) ({RR} 9. h3 Nh5 10. d4 Bxb3 11. Nxb3 Bb6 12. Bg5 f6 13. Be3 Qe8 14. Nbd2 Kh8 15. Re1 g6 16. a4 Qf7 17. Qb3 exd4 18. Qxf7 Rxf7 19. Nxd4 Bxd4 20. cxd4 f5 21. exf5 gxf5 22. Nf3 Nf6 23. Re2 Re7 {½-½ Gajcin,M (2135)-Balajayeva,K (2319) EU-chT (Women) 21st 2017 (9.4)}) 9... Bxb3 10. axb3 Qd7 11. Nc4 h6 12. Be3 Bxe3 13. fxe3 Qe6 14. Nh4 b6 15. Rf3 Ne7 16. Raf1 d5 17. exd5 Nfxd5 18. Qf2 f6 19. Kh1 g5 20. e4 Nf4 21. g3 Nh3 22. Qg2 g4 23. Re3 b5 24. Nd2 a4 25. Nf5 Nxf5 26. exf5 Qb6 27. Re4 h5 28. bxa4 Rxa4 29. Rxa4 bxa4 30. Qd5+ Kg7 31. Nc4 Qb3 32. Qc6 Qc2 33. Qxc7+ Rf7 34. Qc5 Qxd3 35. Ne3 Qe2 36. Qb6 Rd7 37. Qe6 Rb7 38. Qd5 Rxb2 39. Qg2 Qxg2+ 40. Nxg2 a3 0-1

[Event "45th Olympiad Budapest 2024"]
[Site "Budapest"]
[Date "2024.09.19"]
[Round "8"]
[Board "2"]
[White "Amer, Karim"]
[Black "Ouakhir, Mehdi Pierre"]
[Result "1/2-1/2"]
[WhiteElo "2081"]
[BlackElo "2191"]
[PlyCount "68"]
[EventDate "2024.09.11"]
[EventType "team-tourn"]
[EventRounds "11"]
[EventCountry "HUN"]
[WhiteTeam "Pakistan"]
[BlackTeam "Morocco"]
[WhiteTeamCountry "PAK"]
[BlackTeamCountry "MAR"]

1. d4 e6 2. c4 b6 3. Nf3 Bb7 4. g3 f5 5. Bg2 Nf6 6. O-O Be7 7. Nc3 Ne4 8. Qc2 Nxc3 9. Qxc3 Bf6 10. h4 ({RR} 10. Bf4 Be4 11. Be5 Nc6 12. Bxf6 Qxf6 13. Ne5 Bxg2 14. Kxg2 Ne7 15. Qf3 c6 16. a4 Rb8 17. b4 Ng6 18. Nxg6 hxg6 19. Qf4 Ke7 20. c5 Rb7 21. a5 bxc5 22. dxc5 e5 23. Qc4 Qe6 24. Qc3 Qd5+ {½-½ Stella,A (2412)-Chernyshov,K (2552) Pardubice Czech op 22nd 2011 (9)}) ({RR} 10. Re1 O-O 11. Bf4 d6 12. Rad1 Qe8 13. Qd2 Nd7 14. b4 a5 15. a3 Kh8 16. h4 Qh5 17. Rc1 Rad8 18. bxa5 e5 19. Bg5 e4 20. Bxf6 Nxf6 21. Ng5 Rde8 22. axb6 e3 23. fxe3 Bxg2 24. Kxg2 cxb6 {1-0 Cremisi,D (2170)-Bueno,A (2156) Titled Tue 23rd Jan Early 2024 (1)}) 10... O-O 11. Ne5 $146 ({RR} 11. Bg5 d6 12. Rac1 Nd7 13. e3 Qe7 14. Rfd1 Be4 15. b4 a5 16. c5 Bxg5 17. Nxg5 Bxg2 18. cxd6 Qxd6 19. Kxg2 h6 20. d5 hxg5 21. dxe6 Qxe6 22. Qxc7 Nf6 23. hxg5 Ne4 24. Rd7 Rf7 25. Rxf7 Qxf7 {½-½ Zevenhuizen,D (1959)-Maris,I (2239) NED-ch U21 Rotterdam 2015 (1)}) 11... Bxg2 12. Kxg2 d6 13. Qf3 c6 14. Nxc6 Nxc6 15. Qxc6 Rc8 16. Qa4 Bxd4 17. Rd1 Be5 18. f4 Bf6 19. Qxa7 Rxc4 20. Be3 Rc6 21. Rac1 Qc8 22. Qa4 Rxc1 23. Rxc1 Qa8+ 24. Qc6 Rc8 25. Qxa8 Rxa8 26. Rc6 Rxa2 27. Rxd6 Rxb2 28. Rxb6 Rxb6 29. Bxb6 Kf7 30. Kf3 e5 31. fxe5 Bxe5 32. Be3 Ke6 33. Bf4 g6 34. Bg5 h5 1/2-1/2

[Event "45th Olympiad Budapest 2024"]
[Site "Budapest"]
[Date "2024.09.19"]
[Round "8"]
[Board "3"]
[White "Moayad, Anas"]
[Black "Momin, Fayzan"]
[Result "1/2-1/2"]
[WhiteElo "2016"]
[BlackElo "2064"]
[PlyCount "81"]
[EventDate "2024.09.11"]
[EventType "team-tourn"]
[EventRounds "11"]
[EventCountry "HUN"]
[WhiteTeam "Morocco"]
[BlackTeam "Pakistan"]
[WhiteTeamCountry "MAR"]
[BlackTeamCountry "PAK"]

1. e4 e5 2. Nf3 Nc6 3. Bb5 a6 4. Ba4 Nf6 5. O-O d6 6. c3 g6 7. Re1 ({RR} 7. d4 Bd7 8. Bg5 b5 9. Bb3 Bg7 10. Nbd2 h6 11. Bh4 O-O 12. Re1 Re8 13. h3 Rb8 14. a3 Na5 15. Ba2 Qc8 16. b4 Nc6 17. Qc2 Nh5 18. dxe5 Nxe5 19. Nxe5 Bxe5 20. Nf3 Bg7 21. Rad1 Be6 {0-1 Firouzja,A (2682)-Sevian,S (2666) chess.com Speed U20 blitz 2019 (2.7)}) ({RR} 7. d4 Bd7 8. Bc2 Bg7 9. h3 O-O 10. Be3 Qe8 11. Nbd2 Nh5 12. Re1 a5 13. a4 Kh8 14. dxe5 Nxe5 15. Nxe5 Qxe5 16. Bd4 Qg5 17. Nf3 Qe7 18. e5 d5 19. Qd2 c5 20. Be3 d4 21. cxd4 cxd4 {1-0 Mahdavi,R (2302)-Janaszak,D (2302) Titled Tue 8th Aug Late 2023 (3)}) 7... b5 8. Bc2 Bg7 9. h3 $146 ({RR} 9. d4 exd4 10. cxd4 O-O 11. Nc3 h6 12. d5 Ne7 13. Be3 Bb7 14. Qd2 Kh7 15. Rad1 Nd7 16. h4 Ne5 17. Nxe5 dxe5 18. f4 exf4 19. Bxf4 Qd7 20. h5 Rac8 21. Re3 Qg4 22. Rg3 Qxh5 23. Rh3 Qg4 {1-0 Hernandez Bermudez,M (1871)-Vergara Granda,X (1121) COL-ch U20 Girls 2022 (9)}) 9... O-O 10. a4 Bd7 11. d4 Re8 12. dxe5 Nxe5 13. Nxe5 dxe5 14. Be3 Be6 15. Nd2 Bf8 16. Qe2 c6 17. b4 Qc7 18. Rec1 Rab8 19. axb5 axb5 20. Ra7 Rb7 21. Rca1 Reb8 22. Bd3 Nd7 23. Rxb7 Qxb7 24. Ra7 Qc8 25. Nf3 f6 26. c4 Ra8 27. Rxa8 Qxa8 28. Qc2 Bxb4 29. cxb5 cxb5 30. Bxb5 Qb7 31. Bc4 Qc6 32. Bxe6+ Qxe6 33. Qc8+ Nf8 34. Qa8 Kg7 35. h4 h5 36. g3 Qe7 37. Kg2 Ne6 38. Qd5 Qd6 39. Qc4 Bc5 40. Bxc5 Nxc5 41. Nd2 1/2-1/2

[Event "45th Olympiad Budapest 2024"]
[Site "Budapest"]
[Date "2024.09.19"]
[Round "8"]
[Board "4"]
[White "Mudasir, Iqbal"]
[Black "Nait, Elasri Brahim"]
[Result "0-1"]
[WhiteElo "2055"]
[BlackElo "1994"]
[PlyCount "90"]
[EventDate "2024.09.11"]
[EventType "team-tourn"]
[EventRounds "11"]
[EventCountry "HUN"]
[WhiteTeam "Pakistan"]
[BlackTeam "Morocco"]
[WhiteTeamCountry "PAK"]
[BlackTeamCountry "MAR"]

1. e4 c5 2. Nf3 d6 3. d4 cxd4 4. Nxd4 Nf6 5. Nc3 a6 6. Bg5 e6 7. f4 Nbd7 8. Qf3 Qc7 9. O-O-O b5 10. Bd3 Bb7 11. Rhe1 Be7 12. a3 h6 13. Bxf6 Bxf6 14. Bxb5 axb5 15. Ndxb5 Qb8 16. Nxd6+ Kf8 17. Nxb7 $146 ({RR} 17. Qh5 g6 18. Qb5 Bxc3 19. bxc3 Bc8 20. Qxb8 Nxb8 21. Nxc8 Kg7 22. Nd6 Rxa3 23. Kb2 Ra6 24. e5 Nc6 25. Rb1 g5 26. g3 Kg6 27. Kc1 Rd8 28. Rd1 Ra4 29. Rb6 Ne7 30. Rd4 Ra1+ 31. Rb1 Rxb1+ {1-0 Nikolova,A (2293)-Chilingirova,P (2109) BUL-ch (Women) 2012 (5)}) 17... Qxb7 18. e5 Qxf3 19. gxf3 Bh4 20. Re4 Ke7 21. f5 Bf2 22. fxe6 fxe6 23. f4 Rhf8 24. Rd2 Bb6 25. Rg2 Rf7 26. Nb5 Raf8 27. Nd6 Rxf4 28. Rxg7+ Kd8 29. Rxf4 Rxf4 30. Nf7+ Kc8 31. Nd6+ Kc7 32. Re7 Kc6 33. Rxe6 Kd5 34. Re8 Nxe5 35. Nb5 Rf1+ 36. Kd2 Nc4+ 37. Kc3 Rf3+ 38. Kb4 Bc5+ 39. Ka4 Nxb2+ 40. Ka5 Nc4+ 41. Ka6 Rf6+ 42. Kb7 Rb6+ 43. Kc7 Rxb5 44. Re2 Bd6+ 45. Kd7 Rb8 0-1

[Event "45th Olympiad Budapest 2024"]
[Site "Budapest"]
[Date "2024.09.19"]
[Round "8"]
[Board "1"]
[White "Asabri, Hussien"]
[Black "Araujo Sanchez, Josue"]
[Result "1-0"]
[WhiteElo "2196"]
[BlackElo "2296"]
[PlyCount "131"]
[EventDate "2024.09.11"]
[EventType "team-tourn"]
[EventRounds "11"]
[EventCountry "HUN"]
[WhiteTeam "Libya"]
[BlackTeam "Dominican Republic"]
[WhiteTeamCountry "LBY"]
[BlackTeamCountry "DOM"]

1. d4 Nf6 2. Nf3 d6 3. g3 b5 4. Bg2 Bb7 5. O-O Nbd7 6. a4 b4 7. a5 Rb8 8. c4 e6 $146 ({RR} 8... bxc3 9. Nxc3 e6 10. Ne1 Bxg2 11. Nxg2 d5 12. Qd3 Bb4 13. Bf4 Nh5 14. Bd2 O-O 15. Na4 Bd6 16. Rfc1 Nhf6 17. Bf4 Ne4 18. Nc3 Bxf4 19. Nxf4 Nd6 20. Na4 Nc4 21. Qc3 c6 22. Nd3 Nxa5 23. Nac5 {0-1 Silva,D (2223)-Garidmagnai,B (2287) Wch U20 57th 2018 (10)}) 9. Qa4 Be7 10. Bd2 Ba6 11. Rc1 O-O 12. Bxb4 Ne4 13. Ba3 c5 14. Qc2 f5 15. Nbd2 Ndf6 16. e3 Bb7 17. Nxe4 Bxe4 18. Qd2 Qc8 19. Qe2 Qb7 20. Rd1 Rfc8 21. dxc5 dxc5 22. Rd2 Bd8 23. Rd6 Qe7 24. Rad1 Bxa5 25. Ne5 Bxg2 26. Kxg2 Bc7 27. Nc6 Qe8 28. Nxb8 Bxd6 29. Rxd6 Rxb8 30. Qd3 Qc8 31. f3 Kf7 32. Qc3 Ne8 33. Rd2 Qc7 34. Qd3 Ke7 35. e4 Nd6 36. Qc3 fxe4 37. Qxg7+ Nf7 38. fxe4 Qc6 39. Rf2 Rf8 40. Qf6+ Ke8 41. Rf4 h6 42. h4 Qd6 43. Qg6 Qd2+ 44. Kh3 Qd6 45. b3 Ke7 46. Qf6+ Kd7 47. Qg7 Ke8 48. Qg6 Ke7 49. Qh5 e5 50. Rf5 a5 51. Qf3 Ke8 52. Qf2 Qd1 53. Kh2 Qd7 54. Qxc5 Rg8 55. Qxa5 Qb7 56. Rf6 Qd7 57. Qd5 Qxd5 58. exd5 Rg4 59. c5 Rd4 60. d6 Nd8 61. Rxh6 Rd3 62. Rh7 Nc6 63. Bc1 e4 64. Rc7 Nd4 65. d7+ Kd8 66. Bg5+ 1-0

[Event "45th Olympiad Budapest 2024"]
[Site "Budapest"]
[Date "2024.09.19"]
[Round "8"]
[Board "2"]
[White "Camacho Campusano, David Daniel"]
[Black "Naser Eldean, Ahmed"]
[Result "1-0"]
[WhiteElo "2219"]
[BlackElo "1981"]
[PlyCount "127"]
[EventDate "2024.09.11"]
[EventType "team-tourn"]
[EventRounds "11"]
[EventCountry "HUN"]
[WhiteTeam "Dominican Republic"]
[BlackTeam "Libya"]
[WhiteTeamCountry "DOM"]
[BlackTeamCountry "LBY"]

1. e4 e6 2. Qe2 e5 3. Nf3 Nc6 4. g3 Nf6 5. Bg2 Bc5 6. c3 Bb6 7. b4 d6 8. a4 a5 9. b5 Ne7 10. O-O $146 ({RR} 10. d4 exd4 11. cxd4 Bg4 12. Bb2 O-O 13. h3 Bh5 14. O-O Re8 15. Nbd2 Bg6 16. Nh4 c6 17. Nxg6 Nxg6 18. Qd3 Qd7 19. Rac1 Rec8 20. Rfd1 d5 21. e5 Ne8 22. bxc6 bxc6 23. Kh2 Rab8 24. Ba3 Bd8 {1-0 Garcia Melgar,J (2230)-Paredes Galan,A (2305) Nigran op 1998 (6)}) 10... Ng6 11. Na3 O-O 12. Nc4 Bc5 13. d4 exd4 14. cxd4 Bb4 15. e5 Nd5 16. Bg5 f6 17. exf6 Nxf6 18. Rac1 h6 19. Qc2 Ne7 20. Bxf6 Rxf6 21. Ne3 c6 22. bxc6 bxc6 23. Rfd1 Bd7 24. Nd2 Rf8 25. Ndc4 Nf5 26. Be4 Nxe3 27. Nxe3 d5 28. Bg2 Qf6 29. Qe2 Rae8 30. Rc2 Qg5 31. h4 Qg6 32. Qd3 Qd6 33. Rf1 Qe7 34. Rd1 Bd6 35. Rc3 Rb8 36. Rb3 Qf6 37. Rd2 Rxb3 38. Qxb3 Bb4 39. Re2 Qxd4 40. Qc2 Qc3 41. Qg6 Qf6 42. Qd3 d4 43. f4 Be6 44. Nc4 Bf5 45. Be4 c5 46. Kg2 Qc6 47. Kf2 Bxe4 48. Rxe4 Qxa4 49. Re6 Qd7 50. Qe4 Qf7 51. Qd5 Kh7 52. Nd6 Qd7 53. Qe5 Rf6 54. Qe4+ Kg8 55. Re8+ Qxe8 56. Qxe8+ Rf8 57. Qe6+ Kh7 58. h5 Rf6 59. Qd7 Rxd6 60. Qxd6 a4 61. Qd5 a3 62. Ke2 Bc3 63. Kd3 Kh8 64. g4 1-0

[Event "45th Olympiad Budapest 2024"]
[Site "Budapest"]
[Date "2024.09.19"]
[Round "8"]
[Board "3"]
[White "Abugenda, Nagi"]
[Black "Jimenez Jimenez, Leandro"]
[Result "1-0"]
[WhiteElo "1975"]
[BlackElo "2188"]
[PlyCount "147"]
[EventDate "2024.09.11"]
[EventType "team-tourn"]
[EventRounds "11"]
[EventCountry "HUN"]
[WhiteTeam "Libya"]
[BlackTeam "Dominican Republic"]
[WhiteTeamCountry "LBY"]
[BlackTeamCountry "DOM"]

1. e4 e5 2. Nf3 Nc6 3. Nc3 Nf6 4. Bb5 Bb4 5. O-O O-O 6. d3 d6 7. h3 Ne7 8. Ne2 ({RR} 8. Re1 c6 9. Ba4 Ng6 10. d4 a5 11. a3 Bxc3 12. bxc3 d5 13. Nxe5 Nxe4 14. Bd2 Nxe5 15. dxe5 Qh4 16. Rxe4 Qxe4 17. Bb3 a4 18. Ba2 Qxe5 19. c4 dxc4 20. Bxc4 Rd8 21. Bd3 Bf5 22. Be3 Bxd3 {0-1 Przybylski,W (2308)-Sahakyan,A (2288) Titled Tue 23rd Jan Late 2024 (6)}) 8... c6 9. Ba4 Ng6 10. Bb3 $146 ({RR} 10. c3 Ba5 11. Ng3 d5 12. Re1 Bb6 13. Bb3 Qc7 14. Bg5 dxe4 15. dxe4 Nd7 16. Nh5 Nc5 17. Bc2 a5 18. Qe2 Be6 19. b3 Ba7 20. Rad1 b5 21. Qd2 f6 22. Be3 Rfd8 23. Qc1 Bb6 24. Nh2 Rxd1 {½-½ Nurkic,S (2395)-Dutreeuw,M (2395) Asti op 18th 1997}) ({RR} 10. c3 Ba5 11. Ng3 {½-½ Llaneza Vega,M (2424)-Koziak,V (2515) Gorzow Wielkopolski Lasker Memorial 1st 2017 (4)}) ({RR} 10. c3 Ba5 11. Bc2 d5 12. Ng3 Re8 13. Kh1 Bc7 14. Re1 h6 15. Be3 Be6 16. Qd2 Qd7 17. Kh2 Kh7 18. a4 a5 19. Rad1 Rad8 20. Qc1 Qc8 21. Rh1 Kg8 22. b3 Nf4 23. Nxe5 Nxg2 24. Kxg2 Bxe5 {½-½ Korenev,A (2235)-Diulger,A (2180) Centrocoop June op-A 1998}) ({RR} 10. c3 Ba5 11. Be3 Re8 12. Ng3 h6 13. Nh2 d5 14. Ng4 Nxg4 15. hxg4 d4 16. cxd4 exd4 17. Bc1 Ne5 18. f3 Qh4 19. Ne2 Bc7 20. Bf4 b5 21. Bc2 Bd7 22. Qc1 Qf6 23. Qd2 c5 24. Ng3 Nc4 {0-1 Aryan,C (2122)-Sequera Paolini,J (2394) Barbera del Valles op 36th 2013 (3)}) 10... d5 11. Ng3 Bd6 12. Re1 Re8 13. Bg5 Be6 14. d4 h6 15. Bxf6 Qxf6 16. Nh5 Qd8 17. exd5 cxd5 18. dxe5 Bc5 19. Qd2 Qb6 20. Re2 a5 21. c3 a4 22. Bxd5 Rad8 23. c4 Rd7 24. Rd1 Ne7 25. Nf4 Red8 26. Qc2 a3 27. bxa3 Nxd5 28. cxd5 Bxd5 29. Nxd5 Rxd5 30. Rxd5 Rxd5 31. a4 Qc6 32. a5 Bb4 33. Qxc6 bxc6 34. Rc2 c5 35. Kf1 Bxa5 36. Ke2 Kf8 37. Rc4 Ke7 38. Ke3 Ke6 39. Ra4 Bc7 40. Ra6+ Kd7 41. Ke4 Rd1 42. Ra4 Kc6 43. Rc4 Kb5 44. Rc2 Ba5 45. Ke3 Bb4 46. Nd2 Re1+ 47. Kd3 Rxe5 48. Nc4 Rd5+ 49. Ke3 Rd4 50. f3 Rxc4 51. a4+ Kxa4 52. Rxc4 Kb5 53. Kd3 Kc6 54. Rf4 f6 55. Kc4 Kd6 56. Re4 Ba3 57. Re8 Bb2 58. g4 Bd4 59. f4 Kd7 60. Re2 Kd6 61. f5 Be5 62. Ra2 Bd4 63. Ra7 Ke5 64. Rxg7 Be3 65. Re7+ Kf4 66. Rxe3 Kxe3 67. Kxc5 Kf4 68. Kd6 h5 69. Ke6 h4 70. Kxf6 Kg3 71. g5 Kxh3 72. g6 Kh2 73. g7 h3 74. g8=Q 1-0

[Event "45th Olympiad Budapest 2024"]
[Site "Budapest"]
[Date "2024.09.19"]
[Round "8"]
[Board "4"]
[White "Mendez Ramirez, Victor"]
[Black "Elshaafi, Ali"]
[Result "1-0"]
[WhiteElo "2191"]
[BlackElo "1984"]
[PlyCount "45"]
[EventDate "2024.09.11"]
[EventType "team-tourn"]
[EventRounds "11"]
[EventCountry "HUN"]
[WhiteTeam "Dominican Republic"]
[BlackTeam "Libya"]
[WhiteTeamCountry "DOM"]
[BlackTeamCountry "LBY"]

1. c4 e5 2. Nc3 Nf6 3. Nf3 d6 4. d4 exd4 5. Nxd4 Be7 6. e4 O-O 7. Be2 Nbd7 8. O-O Nc5 9. Qc2 ({RR} 9. f3 a5 10. b3 Re8 11. Be3 Bf8 12. Qd2 c6 13. Rad1 Qc7 14. Rfe1 Kh8 15. Bf1 Bd7 16. Kh1 Rad8 17. g4 Nxg4 18. fxg4 Bxg4 19. Rc1 Nxe4 20. Nxe4 Rxe4 21. Bg2 Re5 22. Bf4 f6 23. Qc2 Qb6 {1-0 Giri,A (2732)-Abdel Razik,K (2450) WchT 9th Antalya 2013 (5.1)}) ({RR} 9. Bf3 a5 10. Re1 c6 11. Bf4 Nfd7 12. Nf5 Ne5 13. Nxe7+ Qxe7 14. Be2 Be6 15. b3 Rfd8 16. Qc2 a4 17. Bg3 axb3 18. axb3 Rxa1 19. Rxa1 Bc8 20. Rd1 g5 21. b4 Ne6 22. c5 f6 23. cxd6 Rxd6 {½-½ Malygin,V (2268)-Hussein,A (2135) Asian Cities Teams 2024 (3.1)}) 9... Re8 10. f3 $146 ({RR} 10. b4 Ne6 11. Nf5 Bf8 12. Nd5 c6 13. Nxf6+ Qxf6 14. Bb2 Qg6 15. f4 Nc7 16. Rf3 Bxf5 17. exf5 Qh6 18. Raf1 d5 19. c5 Qh5 20. Rg3 Qh4 21. Rh3 Qd8 22. f6 g6 23. f5 Re4 24. fxg6 hxg6 {1-0 Finegold,G-Hood,A Philadelphia Int 1985}) 10... Nfd7 11. Be3 Bf6 12. Rad1 Ne6 13. Nb3 g6 14. f4 Nef8 15. Bf3 b6 16. e5 Rb8 17. Nd4 Nxe5 18. fxe5 Bxe5 19. Nc6 Qh4 20. g3 Qxc4 21. Bd5 Qg4 22. Bxf7+ Kg7 23. Bxe8 1-0

[Event "45th Olympiad Budapest 2024"]
[Site "Budapest"]
[Date "2024.09.19"]
[Round "8"]
[Board "1"]
[White "Johnson, Joshua"]
[Black "Kao, Jamison Edrich"]
[Result "1-0"]
[WhiteElo "2267"]
[BlackElo "2125"]
[PlyCount "103"]
[EventDate "2024.09.11"]
[EventType "team-tourn"]
[EventRounds "11"]
[EventCountry "HUN"]
[WhiteTeam "Trinidad & Tobago"]
[BlackTeam "Hong Kong, China"]

1. e4 c5 2. Nf3 Nc6 3. Nc3 g6 4. d4 cxd4 5. Nxd4 Bg7 6. Be3 Nf6 7. Bc4 O-O 8. Bb3 d5 9. exd5 Na5 10. Qd2 Nxb3 11. Nxb3 b6 ({RR} 11... b5 12. Nxb5 Qxd5 13. Qxd5 Nxd5 14. Bd4 Rb8 15. Bxg7 Kxg7 16. Na3 Nb4 17. O-O-O Nxa2+ 18. Kb1 Nb4 19. Rhe1 Re8 20. Rd2 Bb7 21. c3 Nd5 22. Kc2 Rec8 23. Rd4 Ba8 24. Nc4 Rc7 25. g3 f6 26. f4 {½-½ Vachier Lagrave,M (2795)-Gelfand,B (2724) Moscow FIDE GP 2017 (3)}) 12. O-O-O ({RR} 12. h3 Bb7 13. O-O-O Qd7 14. Bh6 Rfd8 15. Bxg7 Kxg7 16. Rhe1 a5 17. a4 Rac8 18. Qe3 Qd6 19. Qxe7 Qf4+ 20. Qe3 Qb4 21. Kb1 b5 22. axb5 a4 23. Rd4 Rc4 24. Rxc4 Qxc4 25. Qd4 Qxd4 26. Nxd4 Nxd5 {1-0 Clawitter,C (2050)-Viskelis,D (2181) Titled Tue 5th Mar Early 2024 (9)}) 12... Bb7 13. f3 Qd7 14. d6 $146 ({RR} 14. Rhe1 Rfd8 15. Bg5 Rac8 16. h4 a5 17. h5 a4 18. hxg6 axb3 19. gxh7+ Kh8 20. axb3 Re8 21. Bh6 Qf5 22. Bxg7+ Kxg7 23. Rh1 Kh8 24. Kb1 Red8 25. Qd4 Rd6 26. Rhe1 Bxd5 27. Kc1 Bxb3 28. cxb3 Rxd4 {0-1 Tateo,I (1220)-Singhai,N (1955) Barcelona Sant Marti op-A 20th 2018 (2)}) 14... Qxd6 15. Qxd6 exd6 16. Rxd6 Rfd8 17. Rhd1 Rxd6 18. Rxd6 Kf8 19. Rd3 Re8 20. Bf4 Re1+ 21. Rd1 Rxd1+ 22. Kxd1 Nd5 23. Nxd5 Bxd5 24. c3 Ke7 25. Kc2 Bc4 26. Nd2 Be2 27. Bb8 Kd7 28. Bf4 h5 29. b3 Ke6 30. c4 Bd4 31. Bb8 a5 32. Bc7 Kd7 33. Bf4 Ke6 34. Ne4 Bf1 35. g3 a4 36. Kd2 f6 37. Be3 Bxe3+ 38. Kxe3 g5 39. Nd2 axb3 40. axb3 Bh3 41. Kd4 Bg2 42. Ke3 Ke5 43. Ne4 Ke6 44. Nc3 Ke5 45. Na4 b5 46. cxb5 Kd6 47. b6 Kc6 48. Nc5 Kxb6 49. Nd7+ Kb5 50. Nxf6 h4 51. g4 Kb4 52. Kf2 1-0